[Event "Clusane op 1st"]
[Site "Clusane"]
[Date "2024.03.01"]
[Round "3"]
[White "Urbani, Gabriel"]
[Black "Frescura, Davide"]
[Result "1-0"]
[WhiteElo "2220"]
[BlackElo "2094"]
[PlyCount "75"]
[EventDate "2024.02.29"]
[EventType "swiss"]
[EventRounds "7"]
[EventCountry "ITA"]
[SourceTitle "CB11_2024"]
[SourceDate "2024.03.13"]
[SourceVersion "1"]
[SourceVersionDate "2024.03.13"]
[SourceQuality "1"]

1. e4 c5 2. Nf3 d6 3. d4 cxd4 4. Nxd4 Nf6 5. Nc3 Nc6 6. Bg5 e6 7. Qd2 a6 8. 0-0-0 Bd7 9. f4 b5 10. a3 Be7 11. Nf3 Qa5 12. Kb1 Rd8 13. e5 dxe5 14. fxe5 Bc8 15. Qc1 Rxd1 16. Qxd1 Nd7 17. Bxe7 Nxe7 18. Ne4 0-0 19. Bd3 Nd5 20. Nd6 b4 21. Qe1 Nc5 22. Bxh7+ Kxh7 23. Qh4+ Kg8 24. Ng5 Rd8 25. Ndxf7 Kf8 26. Qh8+ Ke7 27. Qxg7 Kd7 28. Nxd8+ Kxd8 29. Qa7 Qc7 30. Qxc7+ Kxc7 31. axb4 Nxb4 32. h4 Nd7 33. h5 Nxe5 34. h6 Ng6 35. Nf7 Bb7 36. h7 Be4 37. Rh6 Bxc2+ 38. Kc1 1-0

[Event "Palmanova op 12th"]
[Site "Palmanova"]
[Date "2023.12.09"]
[Round "3"]
[White "Frescura, Davide"]
[Black "Tramalloni, Luca"]
[Result "1-0"]
[WhiteElo "2117"]
[BlackElo "1964"]
[PlyCount "73"]
[EventDate "2023.12.08"]
[EventType "swiss"]
[EventRounds "5"]
[EventCountry "ITA"]
[SourceTitle "CB50_2023"]
[SourceDate "2023.12.13"]
[SourceVersion "1"]
[SourceVersionDate "2023.12.13"]
[SourceQuality "1"]

1. e4 c5 2. Nf3 e6 3. d4 cxd4 4. Nxd4 a6 5. Bd3 Bc5 6. Nb3 Ba7 7. 0-0 Ne7 8. Qe2 Nbc6 9. Be3 Bb8 10. Rd1 0-0 11. a4 f5 12. Bc5 Rf6 13. exf5 Nxf5 14. g3 b6 15. Ba3 Ra7 16. Be4 Bb7 17. a5 Nxa5 18. Nxa5 bxa5 19. Bc5 Bxe4 20. Qxe4 d5 21. Bxa7 Bxa7 22. Qe5 Bxf2+ 23. Kxf2 Qb6+ 24. Ke2 Nd6 25. Qd4 Qb5+ 26. Qd3 Qxb2 27. Nc3 Ne4 28. Nxe4 Qe5 29. Rf1 Qh5+ 30. Ke1 Rxf1+ 31. Kxf1 dxe4 32. Qxe4 Qxh2 33. Qxe6+ Kf8 34. Re1 Qh1+ 35. Kf2 Qh2+ 36. Kf3 Qh5+ 37. Kg2 1-0

[Event "Rome La Regina op 3rd"]
[Site "Rome"]
[Date "2023.07.30"]
[Round "5"]
[White "Frescura, Davide"]
[Black "Brozzi, Danilo"]
[Result "0-1"]
[WhiteElo "2124"]
[BlackElo "2041"]
[PlyCount "120"]
[EventDate "2023.07.28"]
[EventType "swiss"]
[EventRounds "5"]
[EventCountry "ITA"]
[SourceTitle "CBM 215 Extra"]
[Source "ChessBase"]
[SourceDate "2023.09.30"]
[SourceVersion "1"]
[SourceVersionDate "2023.09.30"]
[SourceQuality "1"]

1. e4 c5 2. Nf3 e6 3. d4 cxd4 4. Nxd4 Nf6 5. Nc3 Nc6 6. Ndb5 Bb4 7. a3 Bxc3+ 8. Nxc3 d5 9. exd5 exd5 10. Bd3 0-0 11. 0-0 d4 12. Ne4 Bf5 13. Bg5 Bxe4 14. Bxe4 Qd6 15. Bd3 Ne5 16. Re1 Rfe8 17. Qd2 Ng6 18. Rxe8+ Rxe8 19. Re1 Rxe1+ 20. Qxe1 Qe5 21. Qxe5 Nxe5 22. Be2 Ne4 23. Bc1 Kf8 24. f3 Nc5 25. b3 f6 26. Bb2 Ne6 27. g3 g5 28. Kf2 b6 29. Bf1 h5 30. h4 Ke7 31. Bh3 gxh4 32. gxh4 Nf4 33. Bf5 d3 34. Bc1 Ne6 35. Be3 dxc2 36. Bxc2 Kd6 37. Ke2 Kd5 38. Be4+ Kd6 39. f4 Ng4 40. Bg6 Ng7 41. Bd2 Ke6 42. Bc3 Nh6 43. Kf3 Nhf5 44. Be1 b5 45. Ke4 a6 46. Bf2 Ne7 47. Bh7 f5+ 48. Kd4 Kd6 49. Be3 Ne6+ 50. Kd3 Nf8 51. Bd2 Nxh7 52. Bb4+ Ke6 53. Bd2 Kd5 54. Kc3 Nc6 55. Be3 Nf6 56. Kd3 Ne4 57. Bb6 a5 58. Bc7 b4 59. a4 Nc5+ 60. Kc2 Ne6 0-1

[Event "ITA-ch sf 82nd"]
[Site "Villesse"]
[Date "2023.07.20"]
[Round "7"]
[White "Frescura, Davide"]
[Black "Tripodi, Enzo"]
[Result "0-1"]
[WhiteElo "2124"]
[BlackElo "2174"]
[PlyCount "108"]
[EventDate "2023.07.15"]
[EventType "swiss"]
[EventRounds "9"]
[EventCountry "ITA"]
[SourceTitle "CBM 215 Extra"]
[Source "ChessBase"]
[SourceDate "2023.09.30"]
[SourceVersion "1"]
[SourceVersionDate "2023.09.30"]
[SourceQuality "1"]

1. e4 d6 2. d4 Nf6 3. Nc3 g6 4. Be3 c6 5. Nf3 Nbd7 6. Qd2 b5 7. Bd3 Bg7 8. Bh6 0-0 9. Bxg7 Kxg7 10. 0-0 e5 11. dxe5 dxe5 12. b4 a5 13. a3 Qc7 14. Ne2 Re8 15. Ng3 Nb6 16. Nh4 h6 17. bxa5 Na4 18. c4 Qxa5 19. Qxa5 Rxa5 20. cxb5 cxb5 21. Rfc1 Rd8 22. Bf1 Ne8 23. Nf3 f6 24. Rd1 Rxd1 25. Rxd1 Be6 26. Rb1 Nc3 27. Rc1 Rxa3 28. Nd2 Nd6 29. Nb1 Nxb1 30. Rxb1 Kf7 31. f3 Bc4 32. Ne2 Ke6 33. Kf2 Kd7 34. h4 Kc6 35. Ng3 Bxf1 36. Nxf1 Kc5 37. Ne3 Nc4 38. Nd5 f5 39. Nc7 b4 40. h5 Ra2+ 41. Kg1 Ne3 42. Rc1+ Kb6 43. Nd5+ Nxd5 44. exd5 gxh5 45. Rd1 Ra7 46. Re1 Kc5 47. Rxe5 b3 48. d6+ Kc6 49. d7 Rxd7 50. Re2 Kc5 51. Kh2 Rb7 52. Rb2 Kd4 53. Kg3 Kc3 54. Rb1 Rb4 0-1

[Event "Veneto Province-ch qf 82nd"]
[Site "Ceregnano"]
[Date "2023.05.28"]
[Round "5.1"]
[White "Frescura, Davide"]
[Black "Cervati, Michele"]
[Result "1-0"]
[WhiteElo "2096"]
[BlackElo "1860"]
[PlyCount "103"]
[EventDate "2023.05.26"]
[EventType "swiss"]
[EventRounds "5"]
[EventCountry "ITA"]
[SourceTitle "EXT 2024"]
[Source "ChessBase"]
[SourceDate "2023.10.10"]
[SourceVersion "1"]
[SourceVersionDate "2023.10.10"]
[SourceQuality "1"]

1. e4 c5 2. Nf3 e6 3. d4 cxd4 4. Nxd4 a6 5. Bd3 Nc6 6. Nxc6 bxc6 7. 0-0 d5 8. Qe2 Bd6 9. e5 Bc7 10. b3 Ne7 11. Ba3 Ng6 12. f4 Bb6+ 13. Kh1 c5 14. Nd2 Qc7 15. c4 Bb7 16. cxd5 exd5 17. Rac1 0-0 18. Bxc5 Bxc5 19. b4 f6 20. Bxg6 hxg6 21. Rfe1 fxe5 22. Rxc5 Qb6 23. Qxe5 Rac8 24. Rxc8 Rxc8 25. Nf3 Qf6 26. Qe3 Rf8 27. Ng5 Bc8 28. Qd3 Qf5 29. Qxf5 Bxf5 30. Rd1 Rd8 31. Rd4 Kf8 32. Kg1 Ke7 33. Nf3 Be4 34. Nd2 Bc2 35. Kf2 Rf8 36. Ke3 Ke6 37. Nf3 Rc8 38. Ne1 Be4 39. Nd3 Rc3 40. Kd2 Ra3 41. Nc5+ Kf5 42. Nxe4 dxe4 43. Rd6 Rxa2+ 44. Ke3 Ra3+ 45. Ke2 Kxf4 46. Rxg6 Ra2+ 47. Ke1 Ra4 48. Rxg7 Rxb4 49. h4 Rb5 50. Ke2 a5 51. g3+ Ke5 52. Rg5+ 1-0

[Event "ITA-chT GpA playoff 54th"]
[Site "Bacoli"]
[Date "2023.04.30"]
[Round "1"]
[White "Frescura, Davide"]
[Black "Mascellani, Marco"]
[Result "0-1"]
[WhiteElo "2050"]
[BlackElo "2318"]
[PlyCount "68"]
[EventDate "2023.04.30"]
[EventType "team-tourn"]
[EventRounds "2"]
[EventCountry "ITA"]
[SourceTitle "CBM 213 Extra"]
[Source "ChessBase"]
[SourceDate "2023.05.31"]
[SourceVersion "1"]
[SourceVersionDate "2023.05.31"]
[SourceQuality "1"]
[WhiteTeam "Montebelluna Grandiscacchi"]
[BlackTeam "Le Due Torri Volvo"]
[WhiteTeamCountry "ITA"]
[BlackTeamCountry "ITA"]

1. e4 c5 2. Nf3 d6 3. d4 cxd4 4. Nxd4 Nf6 5. Nc3 Nc6 6. Bg5 e6 7. Qd2 Be7 8. 0-0-0 0-0 9. f3 d5 10. exd5 Nxd5 11. Bxe7 Ncxe7 12. Ne4 e5 13. Nb5 Qb6 14. Nbd6 Rd8 15. Nc4 Qc7 16. Qf2 Bf5 17. Qc5 Qxc5 18. Nxc5 b6 19. Ne4 f6 20. Ned6 Be6 21. Bd3 Rd7 22. Rhe1 Rad8 23. Nb5 Nb4 24. Nca3 Nxa2+ 25. Kb1 a6 26. Nc7 Rxc7 27. Bxh7+ Kxh7 28. Rxd8 Nb4 29. f4 Nec6 30. Rd2 Nd4 31. fxe5 Ndxc2 32. Re4 Ba2+ 33. Kc1 Ne3+ 34. Nc2 Nd3+ 0-1

[Event "ITA-chT GpA 54th"]
[Site "Bacoli"]
[Date "2023.04.29"]
[Round "7"]
[White "Luciani, Valerio"]
[Black "Frescura, Davide"]
[Result "1/2-1/2"]
[WhiteElo "2118"]
[BlackElo "2050"]
[PlyCount "49"]
[EventDate "2023.04.25"]
[EventType "team-tourn"]
[EventRounds "7"]
[EventCountry "ITA"]
[SourceTitle "CBM 213 Extra"]
[Source "ChessBase"]
[SourceDate "2023.05.31"]
[SourceVersion "1"]
[SourceVersionDate "2023.05.31"]
[SourceQuality "1"]
[WhiteTeam "Il Grifone Di Arzignano"]
[BlackTeam "Montebelluna Grandiscacchi"]
[WhiteTeamCountry "ITA"]
[BlackTeamCountry "ITA"]

1. d4 d5 2. c4 e6 3. Nc3 Nf6 4. cxd5 exd5 5. Bg5 c6 6. e3 h6 7. Bh4 Be6 8. Bd3 Nbd7 9. f3 Be7 10. Nge2 0-0 11. Qc2 Rc8 12. 0-0 c5 13. Rad1 Qb6 14. Qd2 cxd4 15. exd4 Bb4 16. Kh1 Rfe8 17. Bc2 Qa6 18. a3 Be7 19. Bd3 Qa5 20. b4 Qd8 21. Bxf6 Bxf6 22. Na4 Nf8 23. Rc1 Bd7 24. Nc5 b6 25. Nxd7 1/2-1/2

[Event "ITA-chT GpA 54th"]
[Site "Bacoli"]
[Date "2023.04.28"]
[Round "6"]
[White "Frescura, Davide"]
[Black "Pasini, Nicolo"]
[Result "1-0"]
[WhiteElo "2050"]
[BlackElo "2197"]
[PlyCount "105"]
[EventDate "2023.04.25"]
[EventType "team-tourn"]
[EventRounds "7"]
[EventCountry "ITA"]
[SourceTitle "CBM 213 Extra"]
[Source "ChessBase"]
[SourceDate "2023.05.31"]
[SourceVersion "1"]
[SourceVersionDate "2023.05.31"]
[SourceQuality "1"]
[WhiteTeam "Montebelluna Grandiscacchi"]
[BlackTeam "Chieti"]
[WhiteTeamCountry "ITA"]
[BlackTeamCountry "ITA"]

1. e4 e5 2. Nf3 Nc6 3. Bc4 Nf6 4. d3 h6 5. c3 g5 6. a4 g4 7. Nfd2 d5 8. exd5 Nxd5 9. 0-0 Bg7 10. a5 a6 11. Ne4 f5 12. Nc5 Qd6 13. b4 Nce7 14. Ba3 Qg6 15. Qb3 c6 16. Nd2 h5 17. Rae1 Nf4 18. d4 e4 19. Bc1 Nfd5 20. Bb2 Bh6 21. Bc1 h4 22. Bxd5 cxd5 23. c4 Nc6 24. cxd5 Nxd4 25. Qa4+ Kf7 26. Nc4 Bg7 27. Kh1 g3 28. Bf4 h3 29. Nd6+ Kg8 30. fxg3 hxg2+ 31. Kxg2 Nf3 32. Rxf3 exf3+ 33. Kh1 Kh7 34. Re7 Rd8 35. Qa1 Kg8 36. Qe1 Rxd6 37. Rxg7+ Qxg7 38. Bxd6 Bd7 39. Qf2 Qa1+ 40. Qg1 Qxg1+ 41. Kxg1 Bb5 42. Be7 Kf7 43. d6 Bc6 44. Bh4 Re8 45. d7 Re1+ 46. Kf2 Re2+ 47. Kf1 Bb5 48. d8Q Ra2+ 49. Nd3 Ra3 50. Qf6+ Kg8 51. Qe6+ Kg7 52. Bf6+ Kg6 53. Be5+ 1-0

[Event "ITA-chT GpA 54th"]
[Site "Bacoli"]
[Date "2023.04.26"]
[Round "2"]
[White "Frescura, Davide"]
[Black "Signorelli, Gaetano"]
[Result "1/2-1/2"]
[WhiteElo "2050"]
[BlackElo "2194"]
[PlyCount "107"]
[EventDate "2023.04.25"]
[EventType "team-tourn"]
[EventRounds "7"]
[EventCountry "ITA"]
[SourceTitle "CBM 213 Extra"]
[Source "ChessBase"]
[SourceDate "2023.05.31"]
[SourceVersion "1"]
[SourceVersionDate "2023.05.31"]
[SourceQuality "1"]
[WhiteTeam "Montebelluna Grandiscacchi"]
[BlackTeam "Carrera Don Pietro"]
[WhiteTeamCountry "ITA"]
[BlackTeamCountry "ITA"]

1. e4 c6 2. d4 d5 3. Nd2 dxe4 4. Nxe4 Nf6 5. Nxf6+ exf6 6. c3 Bd6 7. Bd3 0-0 8. Qc2 Re8+ 9. Ne2 h5 10. 0-0 h4 11. h3 Nd7 12. Be3 Nf8 13. Rfd1 Bb8 14. Qa4 f5 15. d5 cxd5 16. Bg5 Bd7 17. Qxh4 Qb6 18. Be3 Qxb2 19. Rdb1 Qa3 20. Rxb7 Qd6 21. Bf4 Qc6 22. Rxb8 Raxb8 23. Bxb8 Rxb8 24. Qd4 a5 25. Rc1 a4 26. Qe5 Re8 27. Qf4 Ng6 28. Qg5 Ne5 29. Bxf5 Nf3+ 30. gxf3 Bxf5 31. Nd4 Qg6 32. h4 Qxg5+ 33. hxg5 Bd3 34. Rd1 Bc4 35. Rd2 Re1+ 36. Kg2 Ra1 37. Nf5 Rxa2 38. Rd4 Rc2 39. Ne7+ Kf8 40. Nxd5 Bxd5 41. Rxd5 Rxc3 42. Ra5 a3 43. Kg3 Ke7 44. Kg4 Kd6 45. f4 Kc6 46. Ra7 Kb6 47. Ra8 Kc5 48. Ra7 Kb6 49. Ra8 g6 50. f5 Kc5 51. f4 Kb6 52. f6 Kb7 53. Ra4 Kb6 54. Ra8 1/2-1/2

[Event "Kaltern op 5th"]
[Site "Kaltern"]
[Date "2022.10.23"]
[Round "5"]
[White "Frescura, Davide"]
[Black "Lami, Damiano"]
[Result "0-1"]
[WhiteElo "1953"]
[BlackElo "2074"]
[PlyCount "112"]
[EventDate "2022.10.21"]
[EventType "swiss"]
[EventRounds "5"]
[EventCountry "ITA"]
[SourceTitle "EXT 2024"]
[Source "ChessBase"]
[SourceDate "2023.10.10"]
[SourceVersion "1"]
[SourceVersionDate "2023.10.10"]
[SourceQuality "1"]

1. e4 e5 2. Nf3 Nf6 3. Nxe5 d6 4. Nf3 Nxe4 5. c4 Nc6 6. d4 d5 7. Nc3 Bb4 8. Qc2 0-0 9. Bd3 Bg4 10. Be3 Qd6 11. cxd5 Nxc3 12. bxc3 Qxd5 13. cxb4 Rfe8 14. Qc5 Bxf3 15. gxf3 Qxf3 16. Kd2 Rad8 17. Qf5 Qxf5 18. Bxf5 Nxd4 19. Bd3 Nc6 20. Kc3 Nxb4 21. Bxh7+ Kxh7 22. Kxb4 Rd3 23. Rhd1 Re4+ 24. Kc5 Ra3 25. Rd4 Re5+ 26. Kc4 Rea5 27. Rad1 R3a4+ 28. Kc3 Ra3+ 29. Kd2 Rxa2+ 30. Ke1 Rh5 31. Bf4 c5 32. Rd7 Rf5 33. Bg3 b5 34. R7d5 Rxd5 35. Rxd5 b4 36. Kd1 c4 37. Rd2 Ra1+ 38. Kc2 a5 39. Be5 Ra3 40. Rd5 a4 41. Rb5 Ra2+ 42. Kb1 b3 43. Rb4 Re2 44. Bc3 a3 45. Rxc4 a2+ 46. Ka1 Rxf2 47. Re4 Rxh2 48. Re1 g5 49. Rf1 f5 50. Bd4 g4 51. Be5 Re2 52. Bf4 Kg6 53. Bc1 g3 54. Rg1 g2 55. Bb2 Rf2 56. Bc1 f4 0-1

[Event "Kaltern op 5th"]
[Site "Kaltern"]
[Date "2022.10.22"]
[Round "3"]
[White "Linder, Oliver"]
[Black "Frescura, Davide"]
[Result "1/2-1/2"]
[WhiteElo "1870"]
[BlackElo "1953"]
[PlyCount "75"]
[EventDate "2022.10.21"]
[EventType "swiss"]
[EventRounds "5"]
[EventCountry "ITA"]
[SourceTitle "EXT 2024"]
[Source "ChessBase"]
[SourceDate "2023.10.10"]
[SourceVersion "1"]
[SourceVersionDate "2023.10.10"]
[SourceQuality "1"]

1. d4 d5 2. Nc3 Nf6 3. Bf4 c5 4. e3 cxd4 5. exd4 a6 6. Nf3 Nc6 7. Be2 Bg4 8. 0-0 e6 9. Ne5 Bxe2 10. Nxe2 Bd6 11. c3 Bxe5 12. Bxe5 Nxe5 13. dxe5 Nd7 14. Qd4 Qb6 15. Qxb6 Nxb6 16. b3 Rc8 17. Rfd1 Nd7 18. f4 Nc5 19. Rd4 Ke7 20. c4 dxc4 21. Rxc4 Nd3 22. Rxc8 Rxc8 23. Rd1 Nb4 24. Rd2 Rd8 25. Rxd8 Kxd8 26. Nc3 Nd3 27. g3 f6 28. exf6 gxf6 29. Kf1 Ke7 30. Ke2 Nc5 31. Ke3 e5 32. fxe5 fxe5 33. b4 Nd7 34. Ke4 Ke6 35. Nd5 b6 36. a3 a5 37. h3 Kd6 38. g4 1/2-1/2

[Event "Bassano del Grappa Spring op 1st"]
[Site "Bassano del Grappa"]
[Date "2021.03.12"]
[Round "1"]
[White "Solomon, Kenny"]
[Black "Frescura, Davide"]
[Result "1-0"]
[WhiteElo "2357"]
[BlackElo "1948"]
[PlyCount "85"]
[EventDate "2021.03.12"]
[EventType "swiss"]
[EventRounds "5"]
[EventCountry "ITA"]
[SourceTitle "CBM 201 Extra"]
[Source "ChessBase"]
[SourceDate "2021.05.31"]
[SourceVersion "1"]
[SourceVersionDate "2021.05.31"]
[SourceQuality "1"]

1. d4 d5 2. Nf3 Nf6 3. c4 e6 4. g3 c6 5. Bg2 Bb4+ 6. Nc3 Ne4 7. Qc2 f5 8. 0-0 0-0 9. Rd1 Bd6 10. Ne5 Nd7 11. Nd3 Ndf6 12. b3 Qe8 13. c5 Bc7 14. f3 Nxc3 15. Qxc3 Nh5 16. Ne5 h6 17. Re1 f4 18. g4 Nf6 19. e3 fxe3 20. Qxe3 Nd7 21. Bb2 Nxe5 22. dxe5 Qd8 23. Bd4 b6 24. Rec1 Bd7 25. b4 b5 26. a4 bxa4 27. Rxa4 a5 28. Rca1 Qb8 29. bxa5 Bc8 30. a6 Rf7 31. a7 Qb7 32. Bf1 Bd8 33. f4 Qe7 34. Bd3 Qf8 35. Bc3 Rb7 36. Bc2 Qe7 37. Qd3 Rbxa7 38. Qh7+ Kf8 39. Bg6 Qxc5+ 40. Kh1 Rf7 41. Rxa8 Qe3 42. Qh8+ Ke7 43. R1a7+ 1-0

[Event "Mestre Sheraton op-A 1st"]
[Site "Mestre"]
[Date "2021.02.28"]
[Round "4"]
[White "Maione, Melissa"]
[Black "Frescura, Davide"]
[Result "0-1"]
[WhiteElo "1869"]
[BlackElo "2012"]
[PlyCount "76"]
[EventDate "2021.02.26"]
[EventType "swiss"]
[EventRounds "5"]
[EventCountry "ITA"]
[SourceTitle "EXT 2022"]
[Source "ChessBase"]
[SourceDate "2021.10.06"]
[SourceVersion "1"]
[SourceVersionDate "2021.10.06"]
[SourceQuality "1"]

1. e4 c5 2. Nf3 d6 3. d4 cxd4 4. Nxd4 Nf6 5. Nc3 a6 6. Bg5 e6 7. Qf3 Nbd7 8. 0-0-0 Qc7 9. Qg3 b5 10. Bxb5 axb5 11. Ndxb5 Qb8 12. Nxd6+ Bxd6 13. Rxd6 0-0 14. Bxf6 Nxf6 15. e5 Nd5 16. Nxd5 exd5 17. a3 Bf5 18. Rxd5 Rc8 19. Rd2 Qb7 20. Rhd1 h6 21. Qf4 Bg6 22. Qf3 Qc7 23. Qe2 Ra5 24. f4 Rc5 25. Kb1 Bxc2+ 26. Ka2 Bxd1 27. Qxd1 Rc1 28. Qa4 Rc4 29. Qb3 Rxf4 30. e6 fxe6 31. Qxe6+ Kh8 32. b4 Qc3 33. Qd5 Rf1 34. Rb2 Rc1 35. b5 Rc2 36. Qb3 Rxb2+ 37. Qxb2 Qd3 38. Ka1 Qd1+ 0-1

[Event "Veneto-ch qf 79th"]
[Site "Padova"]
[Date "2020.02.21"]
[Round "1.13"]
[White "Ghiotto, Marco Luigi"]
[Black "Frescura, Davide"]
[Result "0-1"]
[WhiteElo "2177"]
[BlackElo "1853"]
[PlyCount "114"]
[EventDate "2020.02.21"]
[EventType "swiss"]
[EventRounds "3"]
[EventCountry "ITA"]
[SourceTitle "EXT 2024"]
[Source "ChessBase"]
[SourceDate "2023.10.10"]
[SourceVersion "1"]
[SourceVersionDate "2023.10.10"]
[SourceQuality "1"]

1. e4 c5 2. Nf3 d6 3. Bb5+ Bd7 4. Bxd7+ Qxd7 5. c4 Nc6 6. d4 cxd4 7. Nxd4 Nf6 8. Nc3 g6 9. 0-0 Bg7 10. Re1 0-0 11. h3 Rfc8 12. Bg5 Nxd4 13. Qxd4 Qc6 14. e5 dxe5 15. Qxe5 Re8 16. Nb5 Nd7 17. Qe4 Bxb2 18. Rad1 Qxe4 19. Rxe4 Nc5 20. Re2 Bf6 21. Bf4 Ne6 22. Be3 a6 23. Na3 Red8 24. Rb1 Rd7 25. c5 Rc8 26. Nc4 Rdc7 27. Nb6 Rd8 28. Rc2 Bd4 29. Rd1 Bxe3 30. Rxd8+ Nxd8 31. fxe3 Ne6 32. Na4 b5 33. Nb6 Rxc5 34. Rd2 Rc6 35. Nd5 Kf8 36. Nb4 Rc1+ 37. Kh2 a5 38. Nd3 Rc3 39. Kg3 Nc5 40. Nxc5 Rxc5 41. Rd8+ Kg7 42. Ra8 b4 43. Kf4 e5+ 44. Kf3 f5 45. g4 Kf6 46. Ra6+ Kg5 47. Ra7 fxg4+ 48. hxg4 h5 49. gxh5 Kxh5 50. Ke4 Kg4 51. Ra8 g5 52. Ra7 Kg3 53. Rg7 g4 54. Rg8 Kh3 55. Rg7 Rc2 56. Kxe5 Rxa2 57. Kf4 Rf2+ 0-1